Sports Quiz

Random Sports Quiz

WRC Nominated Drivers 2014 Quiz Stats

 Plays Quiz not verified by Sporcle

Score 0/15 Timer 10:00
0 Plays Today
Number Driver % Correct
1Sebastien Ogier
100%
2Jari-Matti Latvala
100%
8, 20Daniel Sordo
100%
3Kris Meeke
96.8%
4Mads Ostberg
96.8%
7Thierry Neuville
96.8%
20Hayden Paddon
90.4%
5Mikko Hirvonen
88.3%
Number Driver % Correct
10Robert Kubica
88.3%
6Elfyn Evans
86.2%
9Andreas Mikkelsen
83%
21Martin Prokop
79.8%
8Chris Atkinson
75.5%
8Juho Hanninen
67%
20Bryan Bouffier
51.1%

You're not logged in!

Compare scores with friends on all Sporcle quizzes.
OR
Log In

Sporcle TV

Today on Sporcle TV


Watch our educational content, quiz creation guides, and fun videos on Sporcle TV.

Show Comments

Extras

Created Dec 30, 2014ReportNominate
Tags:Rally, World Rally

Top Quizzes Today


Score Distribution

Your Account Isn't Verified!

In order to create a playlist on Sporcle, you need to verify the email address you used during registration. Go to your Sporcle Settings to finish the process.

Report this User

Report this user for behavior that violates our Community Guidelines.

Details: